Survey Research Methods
Sábháilte in:
| Príomhchruthaitheoir: | |
|---|---|
| Formáid: | LEABHAR |
| Teanga: | Béarla |
| Foilsithe / Cruthaithe: |
Belmont
Wadsworth Publishing Company
1973
|
| Ábhair: | |
| Clibeanna: |
Cuir clib leis
Níl clibeanna ann, Bí ar an gcéad duine le clib a chur leis an taifead seo!
|
MARC
| LEADER | 00000nam a2200000 a 4500 | ||
|---|---|---|---|
| 001 | UCH1316 | ||
| 003 | CL-VaPUC | ||
| 008 | 090420e19730000US |||||||||||||||||eng|d | ||
| 020 | |a 0534002242 | ||
| 082 | 0 | 4 | |a 001.433 |b BAB |2 21 |
| 100 | 0 | |a Babbie, Earl R |e author |9 535740 | |
| 245 | 1 | 0 | |a Survey Research Methods |
| 300 | |a 383 p | ||
| 942 | |c BK | ||
| 945 | |d 20090420 00:00:00 |a dcastane | ||
| 260 | |a Belmont |b Wadsworth Publishing Company |c 1973 | ||
| 650 | 0 | |a Métodos de investigación |9 262618 | |
| 650 | 0 | |a Encuestas |9 259666 | |
| 650 | 0 | |a Estadística aplicada |9 270522 | |
| 583 | |a last modification |c 20090420 00:00:00 |k Rodrigo Vera | ||
| 999 | |c 333367 |d 333365 | ||
| 952 | |0 0 |1 0 |4 0 |6 001_433000000000000_BAB_1973 |7 0 |8 P |9 421717 |a BIBGIM |b BIBGIM |d 2019-11-22 |i 4518888 |o 001.433 BAB 1973 |p 4518888 |r 2025-01-15 |w 2019-11-22 |y BK |k SSL | ||